[Event "14th HZ Open"]
[Site "Vlissingen NED"]
[Date "2010.08.10"]
[Round "5"]
[White "Duessel,U"]
[Black "Eng,A"]
[Result "0-1"]
[WhiteElo "2271"]
[BlackElo "2086"]
[EventDate "2010.08.07"]

1. d4 Nf6 2. c4 c5 3. d5 e6 4. Nc3 exd5 5. cxd5 d6 6. e4 g6 7. f4 Bg7 8.
Bb5+ Nfd7 9. a4 O-O 10. Nf3 Na6 11. O-O Nb4 12. Be3 a6 13. Be2 Nf6 14. Nd2
Re8 15. Bf2 b6 16. Bh4 Qc7 17. Kh1 h6 18. Bf3 Bb7 19. Nc4 Nd7 20. Qd2 Rab8
21. Rae1 Ba8 22. e5 dxe5 23. d6 Qa7 24. Bxa8 Qxa8 25. Nxe5 Qb7 26. Be7 Nxe5
27. fxe5 Qd7 28. Ne4 Rxe7 29. dxe7 Qxd2 30. Nxd2 Re8 31. e6 f5 32. Nc4 b5
33. axb5 axb5 34. Nd6 Rxe7 35. Re2 Nc6 36. Nxb5 Ne5 37. Na3 Kf8 38. Rc1 Nd3
39. Rd1 Nf4 40. Rd8+ Re8 41. Rxe8+ Kxe8 42. Rc2 Nxe6 43. Rd2 Ke7 44. Nc4
Bd4 45. g3 Kf6 46. Kg2 g5 47. h3 h5 48. Rd1 g4 49. Rf1 Ng5 50. h4 Ne4 51.
b3 Ke6 52. Rd1 Bf2 53. Rd3 f4 54. gxf4 Bxh4 55. Nd2 Nf6 56. Re3+ Kf5 57.
Re5+ Kxf4 58. Rxc5 Be1 59. Rc4+ Kf5 60. Nf1 Ne4 61. b4 Nd6 62. b5 Nxc4 0-1

[Event "14th HZ Open"]
[Site "Vlissingen NED"]
[Date "2010.08.10"]
[Round "5"]
[White "Bodicker,R"]
[Black "Sandu,Mi"]
[Result "0-1"]
[WhiteElo "2080"]
[BlackElo "2261"]
[EventDate "2010.08.07"]

1. d4 Nf6 2. Nf3 g6 3. c4 c5 4. d5 e6 5. Nc3 exd5 6. cxd5 d6 7. e4 Bg7 8.
h3 O-O 9. Bd3 Re8 10. O-O c4 11. Bc2 b5 12. Re1 a6 13. a3 Nfd7 14. Bg5 Qb6
15. Be3 Nc5 16. Bd4 f6 17. Nd2 Nbd7 18. f4 Bb7 19. b4 cxb3 20. Nxb3 Qc7 21.
a4 b4 22. Na2 a5 23. Nac1 Rac8 24. Bd3 Qd8 25. Qf3 Bxd5 26. Bb5 Bxe4 27.
Bxd7 Qxd7 28. Nxc5 dxc5 29. Rxe4 Rxe4 30. Qxe4 f5 0-1

[Event "14th HZ Open"]
[Site "Vlissingen NED"]
[Date "2010.08.10"]
[Round "5"]
[White "Nijs,N"]
[Black "Waffenschmidt,J"]
[Result "1-0"]
[WhiteElo "2250"]
[BlackElo "2048"]
[EventDate "2010.08.07"]

1. d4 d5 2. c4 c6 3. Nf3 Nf6 4. e3 Bf5 5. Nc3 e6 6. Nh4 Bg6 7. Be2 Nbd7 8.
O-O Bd6 9. g3 O-O 10. Nxg6 hxg6 11. Qb3 Qb6 12. Rd1 Rfe8 13. Qc2 dxc4 14.
Bxc4 Qc7 15. Bd2 a6 16. Rac1 b5 17. Bf1 Rac8 18. a4 b4 19. Ne4 Nxe4 20.
Qxe4 Qb6 21. a5 Qb7 22. Qd3 Qb5 23. Qxb5 cxb5 24. Bg2 Nb8 25. b3 Kf8 26. e4
Rxc1 27. Rxc1 e5 28. dxe5 Rxe5 29. Bf4 Ke7 30. Bxe5 Bxe5 31. Rc8 Kd7 32.
Bh3+ f5 33. Rg8 Nc6 34. exf5 gxf5 35. Bxf5+ Kd6 36. Ra8 Nd4 37. Rxa6+ Kc5
38. Be4 Nxb3 39. Rc6+ Kd4 40. a6 Bb8 41. Rb6 1-0

[Event "14th HZ Open"]
[Site "Vlissingen NED"]
[Date "2010.08.10"]
[Round "5"]
[White "Van Eijndhoven,E"]
[Black "Goldschmidt,C"]
[Result "1-0"]
[WhiteElo "2063"]
[BlackElo "2249"]
[EventDate "2010.08.07"]

1. Nf3 Nf6 2. g3 g6 3. Bg2 Bg7 4. O-O O-O 5. d4 d6 6. c4 c6 7. Nc3 Qa5 8.
e4 Qh5 9. Nh4 Na6 10. Be3 Ng4 11. h3 Nxe3 12. Qxh5 gxh5 13. fxe3 Nb4 14.
Rad1 Bh6 15. Rf3 e6 16. a3 Nc2 17. Kf2 c5 18. Nb5 Bd7 19. Nxd6 Ba4 20. Rd3
b6 21. b3 Rad8 22. e5 Bc6 23. d5 Ba8 24. Nxf7 Rxf7 25. Rxf7 Kxf7 26. dxe6+
Ke8 27. Rxd8+ Kxd8 28. Bxa8 Bxe3+ 29. Kf3 Bg5 30. Nf5 Nxa3 31. h4 Be7 32.
Be4 b5 33. cxb5 Nxb5 34. Bc6 Na3 35. Bd5 a5 36. Nd6 Kc7 37. Nc4 Nxc4 38.
Bxc4 Kb6 39. Ke4 Kc7 40. Kd5 h6 41. Be2 Kb6 42. Kc4 Bf8 43. Bxh5 Kc7 44.
Kd5 Kd8 45. Be2 Ke7 46. Bc4 Bg7 47. g4 Bh8 48. Ke4 Bg7 49. Kf5 Ke8 50. Kg6
Bf8 51. h5 Ke7 52. Bd5 Ke8 53. g5 hxg5 54. h6 Bxh6 55. Kxh6 g4 56. Kg5 g3
57. Kf6 1-0

[Event "14th HZ Open"]
[Site "Vlissingen NED"]
[Date "2010.08.10"]
[Round "5"]
[White "Rademakers,M"]
[Black "Haast,A"]
[Result "0-1"]
[WhiteElo "2041"]
[BlackElo "2240"]
[EventDate "2010.08.07"]

1. d4 Nf6 2. c4 c5 3. d5 e6 4. Nc3 exd5 5. cxd5 d6 6. g3 g6 7. Bg2 Bg7 8.
Nf3 O-O 9. O-O a6 10. a4 Nbd7 11. Nd2 Nh5 12. e4 Ne5 13. h3 f5 14. f4 Nxg3
15. fxe5 Nxf1 16. Nxf1 Bxe5 17. Qe1 Bd4+ 18. Kh2 Qf6 19. Nd2 Qe5+ 20. Kh1
fxe4 21. Ncxe4 Qh5 22. Ra3 Bg4 23. Rg3 Qh4 24. Nc4 Bf2 25. Qc3 Bxg3 26. Bg5
Qh5 27. Qxg3 Bf3 28. Nf6+ Rxf6 29. Bxf6 Bxg2+ 30. Qxg2 Re8 31. Qg4 Qxd5+
32. Kh2 Re4 33. Qc8+ Kf7 34. Qd7+ Kxf6 35. Qd8+ Kg7 36. Qd7+ Kh6 0-1

[Event "14th HZ Open"]
[Site "Vlissingen NED"]
[Date "2010.08.10"]
[Round "5"]
[White "Verlinde,T"]
[Black "Ramer,M"]
[Result "1-0"]
[WhiteElo "2235"]
[BlackElo "2013"]
[EventDate "2010.08.07"]

1. e4 c5 2. Nf3 d6 3. d3 Nc6 4. g3 g6 5. Bg2 Bg7 6. O-O Qc7 7. c3 e5 8.
Nbd2 Nge7 9. Nc4 O-O 10. a4 h6 11. Nfd2 Be6 12. Ne3 Qd7 13. Nd5 Bh3 14.
Bxh3 Qxh3 15. Nc4 Qe6 16. Nc7 Qd7 17. Nxa8 Rxa8 18. f4 exf4 19. Bxf4 d5 20.
exd5 Nxd5 21. Qf3 Nxf4 22. Qxf4 Re8 23. Rae1 Rxe1 24. Rxe1 1-0

[Event "14th HZ Open"]
[Site "Vlissingen NED"]
[Date "2010.08.10"]
[Round "5"]
[White "Bjornes,L"]
[Black "Laarhoven,T"]
[Result "1/2-1/2"]
[WhiteElo "1977"]
[BlackElo "2223"]
[EventDate "2010.08.07"]

1. d4 d5 2. c4 c6 3. Nf3 Nf6 4. Nc3 a6 5. a4 g6 6. Bf4 Bg7 7. e3 O-O 8. a5
Nbd7 9. Be2 dxc4 10. Bxc4 Nh5 11. Bg5 h6 12. Bh4 g5 13. Bg3 Nxg3 14. hxg3
e6 15. Qc2 b5 16. axb6 Nxb6 17. Ba2 Nd5 18. Bb1 f5 19. g4 Rb8 20. Nxd5 cxd5
21. Ne5 Qb6 22. Nd3 Rf7 23. O-O Rc7 24. Qd2 Bd7 25. gxf5 exf5 26. Nc5 Bb5
27. Rc1 Rf7 28. Ba2 Qd6 29. Rc3 Kh8 30. Rac1 Rff8 31. Qc2 Be8 32. Bb1 Rf6
33. Qe2 Bg6 34. Bd3 f4 35. Bxg6 Rxg6 36. Ra1 Rb6 37. Rca3 Qe7 38. Qd2 fxe3
39. fxe3 g4 40. Rxa6 g3 41. Rxb6 Rxb6 42. Ra8+ Bf8 43. Nd7 Qxd7 44. Rxf8+
Kg7 45. Rf3 1/2-1/2

[Event "14th HZ Open"]
[Site "Vlissingen NED"]
[Date "2010.08.10"]
[Round "5"]
[White "Nabuurs,J"]
[Black "Van de Poel,T"]
[Result "1/2-1/2"]
[WhiteElo "2222"]
[BlackElo "2005"]
[EventDate "2010.08.07"]

1. e4 e5 2. Nf3 Nc6 3. Bb5 a6 4. Ba4 Nf6 5. O-O b5 6. Bb3 Bc5 7. a4 Rb8 8.
c3 d6 9. d4 Bb6 10. Na3 O-O 11. axb5 axb5 12. Nxb5 Bg4 13. Re1 Bxf3 14.
gxf3 exd4 15. Nxd4 Nxd4 16. cxd4 Bxd4 17. Qxd4 Rxb3 18. Ra3 Rb5 19. Kh1 Nh5
20. Rg1 Qf6 21. Qxf6 Nxf6 22. Ra7 Rc8 23. Bd2 Rb3 24. Bc3 Kf8 25. Kg2 Nd7
26. Kf1 f6 27. Ke2 Nc5 28. Rga1 Kf7 29. Ra8 Rxa8 30. Rxa8 Rb7 31. Ke3 Ne6
32. f4 c5 33. f5 Nd4 34. Bxd4 cxd4+ 35. Kxd4 Rxb2 36. Ra7+ Kf8 37. Kd5 h5
38. Ra3 Rxf2 39. Rh3 Rd2+ 40. Ke6 Re2 41. Rh4 Rd2 42. Rxh5 Kg8 43. Rh3 Rd4
44. Re3 Rd2 45. h3 Rd1 46. h4 Rh1 47. Kxd6 Rxh4 48. Ke7 Rg4 49. e5 fxe5 50.
Rxe5 Rf4 1/2-1/2

[Event "14th HZ Open"]
[Site "Vlissingen NED"]
[Date "2010.08.10"]
[Round "5"]
[White "Kuling,L"]
[Black "Colijn,E"]
[Result "1-0"]
[WhiteElo "2208"]
[BlackElo "1994"]
[EventDate "2010.08.07"]

1. e4 c5 2. Nf3 Nc6 3. Bb5 Nd4 4. Nxd4 cxd4 5. c3 Nf6 6. Qe2 a6 7. Ba4 dxc3
8. dxc3 b5 9. Bc2 Bb7 10. O-O g6 11. a4 bxa4 12. e5 Nd5 13. Rxa4 Bg7 14.
Rh4 Qc7 15. Re1 f5 16. exf6 Bxf6 17. Rg4 Nb6 18. Nd2 O-O-O 19. Nc4 h5 20.
Nxb6+ Qxb6 21. Rb4 Qa5 22. Be3 Qe5 23. Qc4+ 1-0

[Event "14th HZ Open"]
[Site "Vlissingen NED"]
[Date "2010.08.10"]
[Round "5"]
[White "Van de Braak,Joey"]
[Black "Van den Berg,Ad"]
[Result "0-1"]
[WhiteElo "1937"]
[BlackElo "2207"]
[EventDate "2010.08.07"]

1. g4 d5 2. Bg2 c6 3. h3 e5 4. e4 d4 5. d3 Bd6 6. Ne2 h5 7. gxh5 Rxh5 8.
Ng3 Rh7 9. Nd2 Bc7 10. Nf3 Ba5+ 11. Ke2 f6 12. c3 Be6 13. cxd4 exd4 14. Qa4
Bb6 15. b4 g6 16. Ba3 Nd7 17. Kd2 Ne5 18. Ne1 Qc7 19. Ne2 g5 20. Bb2 O-O-O
21. Rc1 Kb8 22. b5 g4 23. Bxd4 gxh3 24. Bf1 Rhd7 25. Bxe5 Qxe5 26. bxc6
bxc6 27. f4 Qa5+ 28. Nc3 Qc5 29. f5 Qf2+ 30. Be2 Rd4 31. Qa3 Bc8 32. Rxh3
Qf4+ 33. Kc2 Nh6 34. Rf3 Qc7 35. Kb1 Qb7 36. Ka1 Nf7 37. Nc2 R4d6 38. Rh3
Ne5 39. Na4 c5 40. Rb1 c4 41. d4 Qxe4 42. dxe5 Qxe5+ 43. Nc3 Qxf5 44. Nb5
Qxh3 45. Nxd6 Qxa3 46. Nxa3 Rxd6 47. Nxc4 Rc6 48. Nxb6 axb6 49. Kb2 Rc5 50.
Rc1 Re5 51. Bd3 Bd7 52. Rg1 Rd5 53. Bc4 Rg5 54. Re1 Kc7 55. Bd3 Kd6 56. Kc3
Rg3 57. Kd4 Be6 58. Re2 Rg4+ 59. Kc3 Ra4 60. Bb1 b5 61. Rd2+ Kc5 62. Re2
Kd6 63. Rd2+ Bd5 64. Rf2 Ke5 0-1

[Event "14th HZ Open"]
[Site "Vlissingen NED"]
[Date "2010.08.10"]
[Round "5"]
[White "Balje,J"]
[Black "De Ridder,D"]
[Result "1-0"]
[WhiteElo "2204"]
[BlackElo "1951"]
[EventDate "2010.08.07"]

1. d4 Nf6 2. c4 g6 3. Nc3 d5 4. Nf3 Bg7 5. Bg5 Ne4 6. cxd5 Nxg5 7. Nxg5 e6
8. Qd2 exd5 9. Qe3+ Kf8 10. Qf4 Bf6 11. h4 h6 12. Nxd5 Bxg5 13. Qe5 f6 14.
Qxc7 Qxd5 15. Qxc8+ Kg7 16. Qc7+ Nd7 17. hxg5 Rac8 18. gxf6+ Kf7 19. Qf4
Rc2 20. Qe3 Nxf6 21. Qb3 Qxb3 22. axb3 Rxb2 23. e3 a6 24. Bd3 b5 25. Rxa6
Rxb3 26. Ke2 Rb2+ 27. Kf3 1-0

[Event "14th HZ Open"]
[Site "Vlissingen NED"]
[Date "2010.08.10"]
[Round "5"]
[White "Wise,M"]
[Black "Smits,S"]
[Result "0-1"]
[WhiteElo "1909"]
[BlackElo "2186"]
[EventDate "2010.08.07"]

1. d4 d5 2. c4 c6 3. Nf3 Nf6 4. e3 a6 5. Bd3 b5 6. b3 Bg4 7. Nbd2 e6 8. Qc2
Nbd7 9. Bb2 Bh5 10. O-O Be7 11. Rfe1 Bg6 12. e4 dxe4 13. Nxe4 Nxe4 14. Bxe4
O-O 15. Bxg6 hxg6 16. Rad1 Nf6 17. Ne5 Qb6 18. Re3 Rad8 19. cxb5 cxb5 20.
Nc6 Nd5 21. Nxe7+ Nxe7 22. Rc3 Rxd4 23. Rxd4 Qxd4 24. Rd3 Qb4 25. Bc3 Qc5
26. Qd2 Nd5 27. Bb2 Rc8 28. Rh3 f6 29. g4 g5 30. Rd3 Qc2 31. Rxd5 exd5 32.
Qxd5+ Kh7 33. Qe6 Rd8 0-1

[Event "14th HZ Open"]
[Site "Vlissingen NED"]
[Date "2010.08.10"]
[Round "5"]
[White "Meertens,Mart"]
[Black "De Vleeschauwer,R"]
[Result "1-0"]
[WhiteElo "2133"]
[BlackElo "1775"]
[EventDate "2010.08.07"]

1. e4 e6 2. d4 d5 3. e5 c5 4. c3 Qb6 5. Nf3 Nc6 6. a3 a5 7. b3 cxd4 8. cxd4
Bd7 9. Nc3 Rc8 10. Na4 Qa7 11. Be2 b5 12. Nb2 Nge7 13. O-O Nf5 14. Be3 Nxe3
15. fxe3 Be7 16. Bxb5 O-O 17. Ba4 Nb8 18. Bxd7 Nxd7 19. Nd3 Rc3 20. b4 Qa6
21. Nfe1 Nb6 22. bxa5 Nc4 23. Nb4 Bxb4 24. axb4 Nxe3 25. Qf3 Qxf1+ 26. Qxf1
Nxf1 27. Kxf1 Rb3 28. Ra4 Ra8 29. Ke2 Rb2+ 30. Ke3 Kf8 31. Nd3 Rxg2 32. b5
Rxh2 33. b6 Rh3+ 34. Kd2 Rb8 35. Nc5 Ke7 36. b7 Rh2+ 37. Kc3 Rh3+ 38. Kb4
Kd8 39. a6 Rh4 40. Kb5 Rh1 41. Kc6 Rxb7 42. axb7 1-0

[Event "14th HZ Open"]
[Site "Vlissingen NED"]
[Date "2010.08.10"]
[Round "5"]
[White "De Vleeschauwer,M"]
[Black "Go,B"]
[Result "0-1"]
[WhiteElo "1846"]
[BlackElo "2128"]
[EventDate "2010.08.07"]

1. e4 Nf6 2. Nc3 e5 3. Nf3 Nc6 4. d4 exd4 5. Nd5 Be7 6. Bf4 d6 7. Bb5 O-O
8. O-O Bg4 9. Re1 Ne5 10. Be2 Bxf3 11. Bxf3 Nxf3+ 12. Qxf3 Nxd5 13. exd5
Bf6 14. Rad1 Qd7 15. Qb3 b6 16. Bg3 Rfe8 17. f3 Rxe1+ 18. Rxe1 Re8 19.
Rxe8+ Qxe8 20. Qd3 g6 21. b3 Be5 22. Bf2 b5 23. g3 c5 24. dxc6 Qxc6 25.
Bxd4 Bxd4+ 26. Qxd4 Qxc2 27. Qxd6 Qb1+ 28. Kg2 Qxa2+ 29. Kh3 Qxb3 30. Qd8+
Kg7 31. Qd4+ f6 32. Qxa7+ Qf7 33. Qc5 Qb7 34. Qb4 Kf7 35. Qb3+ Ke7 36. g4
b4 37. Kg2 Qb8 38. Qe3+ Kf7 39. Qb3+ Kg7 40. h4 Qd6 41. Kh3 h5 42. g5 fxg5
43. hxg5 Qf4 44. Qb2+ Kh7 45. Qb3 h4 46. Kg2 Qxg5+ 47. Kf2 Qf4 0-1

[Event "14th HZ Open"]
[Site "Vlissingen NED"]
[Date "2010.08.10"]
[Round "5"]
[White "Baete,G"]
[Black "Hoffman,Ro"]
[Result "0-1"]
[WhiteElo "1820"]
[BlackElo "2128"]
[EventDate "2010.08.07"]

1. d4 g6 2. Nf3 Bg7 3. e3 Nf6 4. Bd3 d6 5. O-O O-O 6. Nbd2 Nbd7 7. b3 e5 8.
Bb2 Qe7 9. dxe5 dxe5 10. e4 Nh5 11. Re1 Re8 12. Nc4 b6 13. Ba3 Qf6 14. Ne3
Nf4 15. Bf1 Nf8 16. Bb2 c6 17. Nc4 Bg4 18. Ne3 Nh3+ 19. gxh3 Bxf3 20. Ng4
Qf4 21. Bc1 Bxd1 22. Bxf4 exf4 0-1

[Event "14th HZ Open"]
[Site "Vlissingen NED"]
[Date "2010.08.10"]
[Round "5"]
[White "Provoost,S"]
[Black "De Pooter,R"]
[Result "1-0"]
[WhiteElo "2255"]
[BlackElo "1908"]
[EventDate "2010.08.07"]

1. d4 d5 2. c4 e6 3. Nc3 Nf6 4. Bg5 Nbd7 5. e3 c6 6. cxd5 cxd5 7. Bd3 Qa5
8. Nge2 Bb4 9. O-O O-O 10. a3 Bd6 11. b4 Qd8 12. f3 h6 13. Bh4 g5 14. Bg3
Bxg3 15. Nxg3 a6 16. Bc2 Re8 17. e4 Nf8 18. e5 N6h7 19. f4 f5 20. exf6 Qxf6
21. fxg5 Qxg5 22. Qf3 Qg7 23. Kh1 Re7 24. Qd3 Bd7 25. Nh5 Qg5 26. Nf4 Be8
27. Rf3 Rg7 28. Raf1 Bg6 29. Nxg6 Qxg6 30. Qe2 Qe8 31. Qd2 Qh5 32. Qe2 Qg5
33. Bxh7+ Nxh7 34. Qxe6+ Kh8 35. Rg3 Qe7 36. Qxe7 Rxe7 37. Nxd5 Re4 38. Nb6
Rd8 39. d5 Rd6 40. Na4 b5 41. Nc3 Re5 42. Kg1 Nf6 43. Rg6 Ne8 44. Rf8+ 1-0

[Event "14th HZ Open"]
[Site "Vlissingen NED"]
[Date "2010.08.10"]
[Round "5"]
[White "Van Veen,M"]
[Black "Vroombout,E"]
[Result "0-1"]
[WhiteElo "1899"]
[BlackElo "2170"]
[EventDate "2010.08.07"]

1. e4 c5 2. Na3 g6 3. c3 Nf6 4. d3 Nc6 5. f4 Bg7 6. Nf3 d6 7. g3 Rb8 8. Bg2
O-O 9. O-O b5 10. Nc2 b4 11. c4 Ne8 12. h3 f5 13. exf5 gxf5 14. Ng5 Nd4 15.
Nxd4 Bxd4+ 16. Kh2 e6 17. Qe2 Nc7 18. Rb1 Qd7 19. b3 Qg7 20. Bb2 Bf6 21.
Bxf6 Rxf6 22. Qb2 Bb7 0-1

[Event "14th HZ Open"]
[Site "Vlissingen NED"]
[Date "2010.08.11"]
[Round "6"]
[White "Ikonnikov,Vy"]
[Black "L'Ami,E"]
[Result "1/2-1/2"]
[WhiteElo "2578"]
[BlackElo "2620"]
[EventDate "2010.08.07"]

1. d4 Nf6 2. Nf3 d5 3. c4 e6 4. Nc3 Be7 5. Bg5 h6 6. Bh4 O-O 7. e3 Ne4 8.
Bxe7 Qxe7 9. Rc1 c6 10. Bd3 Nxc3 11. Rxc3 Nd7 12. O-O e5 13. dxe5 dxc4 14.
Rxc4 Nxe5 15. Re4 Nxf3+ 16. Qxf3 Be6 17. Bc4 1/2-1/2

[Event "14th HZ Open"]
[Site "Vlissingen NED"]
[Date "2010.08.11"]
[Round "6"]
[White "Nijboer,F"]
[Black "Burg,T"]
[Result "0-1"]
[WhiteElo "2582"]
[BlackElo "2449"]
[EventDate "2010.08.07"]

1. e4 e6 2. d4 d5 3. Nc3 Nf6 4. e5 Nfd7 5. f4 c5 6. Nf3 Nc6 7. Be3 cxd4 8.
Nxd4 Bc5 9. Qd2 O-O 10. O-O-O a6 11. Nb3 b6 12. h4 Bb7 13. h5 Rc8 14. Rh3
Bb4 15. h6 g6 16. a3 Bxc3 17. Qxc3 Na5 18. Qb4 Qc7 19. Nd4 Nc5 20. Kb1 Ne4
21. Qe1 Qe7 22. Bc1 Nc6 23. Be3 Na5 24. g4 Nc4 25. Bc1 Rc7 26. Qh4 Nxa3+
27. bxa3 Qxh4 28. Rxh4 Nc3+ 29. Ka1 Nxd1 30. Rh2 Nc3 31. Bd2 Ne4 32. Be1
Bc8 33. g5 Bd7 34. Kb2 a5 35. Bd3 Nc5 36. Bf1 Rfc8 37. Rh3 Ba4 38. Rh2 Nd7
39. Ba6 Ra8 40. Bf1 Nb8 41. Bf2 b5 42. Rh3 Nc6 43. Rc3 b4 44. axb4 axb4 45.
Rc5 Rac8 46. Nb5 Bxb5 47. Bxb5 Na5 48. Rxc7 Rxc7 49. Be1 Rb7 50. Bd3 Kf8
51. Be2 Ke7 52. Bd3 Kd7 53. Be2 Kc6 54. Bf1 Rb8 55. Be2 Kc5 56. Bf2+ d4 57.
Be1 Nc4+ 58. Kb3 Ne3 0-1

[Event "14th HZ Open"]
[Site "Vlissingen NED"]
[Date "2010.08.11"]
[Round "6"]
[White "Fedorchuk,S"]
[Black "Leenhouts,K"]
[Result "1-0"]
[WhiteElo "2665"]
[BlackElo "2407"]
[EventDate "2010.08.07"]

1. e4 c5 2. Nf3 d6 3. c3 Nf6 4. Be2 Nbd7 5. d3 c4 6. d4 Nxe4 7. Bxc4 e6 8.
Qe2 Nef6 9. O-O Be7 10. Re1 Nb6 11. Bd3 O-O 12. c4 Nbd7 13. Nc3 b6 14. Bf4
Bb7 15. Rad1 Nh5 16. Bc1 g6 17. Ne4 Ndf6 18. Neg5 Ng7 19. b4 Qc7 20. a3
Rac8 21. Bb2 d5 22. c5 Nfh5 23. g3 Rce8 24. Qc2 Bf6 25. Bb5 Re7 26. Bc1
Bxg5 27. Bxg5 f6 28. Bh6 e5 29. Qb3 e4 30. c6 Bxc6 31. Rc1 exf3 32. Rxe7
Qxe7 33. Bxc6 Rd8 34. Bxd5+ Kh8 35. Bxf3 Nf5 36. Be3 Nhg7 37. d5 Nxe3 38.
Qxe3 Qd6 39. Qc3 Nf5 40. Re1 1-0

[Event "14th HZ Open"]
[Site "Vlissingen NED"]
[Date "2010.08.11"]
[Round "6"]
[White "Erdos,V"]
[Black "De Jong,M"]
[Result "1-0"]
[WhiteElo "2592"]
[BlackElo "2358"]
[EventDate "2010.08.07"]

1. d4 e6 2. c4 Bb4+ 3. Nd2 d5 4. Qa4+ Nc6 5. e3 Nf6 6. Ngf3 O-O 7. a3 Bxd2+
8. Bxd2 Ne4 9. Rd1 Bd7 10. Qc2 Be8 11. b4 a6 12. Be2 Nd6 13. c5 Ne4 14. O-O
Ne7 15. Ne5 Bb5 16. Be1 Qe8 17. Rb1 Bxe2 18. Qxe2 f6 19. Nd3 Nf5 20. g4 Ne7
21. f3 Ng5 22. Bg3 Qd7 23. Rfc1 Rae8 24. Kg2 Nc6 25. h4 Nf7 26. a4 e5 27.
b5 axb5 28. axb5 Na5 29. dxe5 Nc4 30. c6 bxc6 31. bxc6 Qd8 32. Rd1 fxe5 33.
Nb4 e4 34. f4 Nb6 35. Rd4 Qf6 36. Rbd1 Rd8 37. h5 h6 38. Kh3 Rd6 39. Qa2
Ra8 40. Qb3 Ra5 41. f5 Ng5+ 42. Kg2 Rxc6 43. Nxc6 Qxc6 44. Bf4 Rb5 45. Qa2
Nc4 46. Kg3 Nf3 47. Rxc4 dxc4 48. f6 gxf6 49. Rd8+ Kg7 50. Rc8 Ne5 51. Qa3
Qd6 52. Qa8 Qe6 53. Bxh6+ Kxh6 54. Rh8+ Kg5 55. Rg8+ 1-0

[Event "14th HZ Open"]
[Site "Vlissingen NED"]
[Date "2010.08.11"]
[Round "6"]
[White "Haslinger,S"]
[Black "Tan,Mat"]
[Result "1-0"]
[WhiteElo "2552"]
[BlackElo "2381"]
[EventDate "2010.08.07"]

1. e4 e6 2. d4 d5 3. Nd2 Nf6 4. e5 Nfd7 5. c3 c5 6. Bd3 Nc6 7. Ne2 cxd4 8.
cxd4 f6 9. exf6 Nxf6 10. O-O Bd6 11. Nf3 Qc7 12. Bg5 O-O 13. Rc1 h6 14. Bh4
Nh5 15. Bg6 Nf4 16. Nxf4 Bxf4 17. Bg3 Qe7 18. Rc3 Bd7 19. Re1 Be8 20. Bb1
g5 21. Qd3 Rf6 22. Ne5 Bxe5 23. Bxe5 Nxe5 24. dxe5 Rf4 25. Rec1 Qg7 26. Qh3
Bc6 27. Qxe6+ Kh8 28. Rh3 Rh4 29. Rxh4 gxh4 30. Qg6 1-0

[Event "14th HZ Open"]
[Site "Vlissingen NED"]
[Date "2010.08.11"]
[Round "6"]
[White "Michalczak,T"]
[Black "Hoffmann,Micha1"]
[Result "0-1"]
[WhiteElo "2367"]
[BlackElo "2517"]
[EventDate "2010.08.07"]

1. e4 c6 2. d4 d5 3. exd5 cxd5 4. c4 Nf6 5. Nc3 Nc6 6. Nf3 Bg4 7. cxd5 Nxd5
8. Qb3 Bxf3 9. gxf3 e6 10. Qxb7 Nxd4 11. Bb5+ Nxb5 12. Qc6+ Ke7 13. Qxb5
Nxc3 14. bxc3 Rb8 15. Qc5+ Ke8 16. Qxa7 Bd6 17. Qa4+ Ke7 18. Qa7+ Qd7 19.
Qxd7+ Kxd7 20. Be3 Rhc8 21. Kd2 Be5 22. Rhc1 Rc4 23. Kd3 Rbc8 24. Bd2 Bxh2
25. Rh1 Bf4 26. Rxh7 Bxd2 27. Kxd2 Rxc3 28. Rxg7 Rxf3 29. Ke2 Rf5 30. Rd1+
Ke7 31. Rd2 Ra8 32. Rb2 Ra7 33. Rg1 Re5+ 34. Kf3 Ra3+ 35. Kg2 Rg5+ 36. Kh2
Rga5 37. Ra1 Kf6 38. Kg2 e5 39. Re2 Kf5 40. Rh1 f6 41. Rh3 Rxa2 42. Rf3+
Ke6 43. Rxa2 Rxa2 44. Rb3 Rd2 45. Kg3 Kf5 46. Rf3+ Kg5 47. Re3 Rd4 48. f3
Rd1 49. Ra3 Rd2 50. Rb3 f5 51. Rb8 f4+ 52. Kh3 Rf2 53. Rg8+ Kf6 54. Rf8+
Ke7 0-1

[Event "14th HZ Open"]
[Site "Vlissingen NED"]
[Date "2010.08.11"]
[Round "6"]
[White "Zaragatski,I"]
[Black "Afek,Y"]
[Result "1-0"]
[WhiteElo "2472"]
[BlackElo "2310"]
[EventDate "2010.08.07"]

1. e4 c5 2. Nf3 d6 3. d4 cxd4 4. Nxd4 Nf6 5. Nc3 g6 6. Bc4 Bg7 7. O-O O-O
8. Re1 Nc6 9. Nb3 a5 10. a4 Be6 11. Bxe6 fxe6 12. Nb5 e5 13. f3 h6 14. Be3
Kh7 15. Nd2 Rg8 16. Ra3 Bf8 17. Nc4 Nd7 18. Qd2 Rc8 19. Rd1 Nb4 20. b3 h5
21. Bg5 Rc6 22. c3 Na6 23. Kh1 Rxc4 24. bxc4 Nb6 25. Qe2 Qc8 26. Ra2 Qe6
27. Rb1 Nd7 28. Qd3 Nf6 29. Bxf6 Qxf6 30. Qd5 Nc5 31. Nc7 h4 32. Qd1 g5 33.
Nd5 Qg6 34. Ne3 Bh6 35. h3 Bf8 36. Qd5 e6 37. Qd1 Be7 38. Rab2 Rg7 39. Rb5
Qf7 40. Rxa5 Qf4 41. Ng4 Bd8 42. Rxc5 1-0

[Event "14th HZ Open"]
[Site "Vlissingen NED"]
[Date "2010.08.11"]
[Round "6"]
[White "Guidarelli,L"]
[Black "Van Eijk,S"]
[Result "1/2-1/2"]
[WhiteElo "2433"]
[BlackElo "2322"]
[EventDate "2010.08.07"]

1. Nf3 Nf6 2. g3 d5 3. c4 d4 4. Bg2 Nc6 5. O-O e5 6. d3 Bd6 7. Na3 O-O 8.
Nc2 Re8 9. Rb1 a5 10. a3 a4 11. Bg5 h6 12. Bxf6 Qxf6 13. Nd2 Bd7 14. Ne4
Qe7 15. e3 f5 16. Nxd6 Qxd6 17. exd4 exd4 18. f4 Na5 19. Re1 Bc6 20. Qh5
Bd7 21. Kf2 1/2-1/2

[Event "14th HZ Open"]
[Site "Vlissingen NED"]
[Date "2010.08.11"]
[Round "6"]
[White "Bitalzadeh,A"]
[Black "Fuchs,Ju"]
[Result "1-0"]
[WhiteElo "2415"]
[BlackElo "2232"]
[EventDate "2010.08.07"]

1. c4 Nf6 2. Nc3 e6 3. e4 d5 4. e5 Nfd7 5. cxd5 Nxe5 6. d4 Ng6 7. dxe6 Bxe6
8. d5 Bc8 9. Bd3 Bd6 10. Nf3 O-O 11. h4 Re8+ 12. Kf1 Bg4 13. Qc2 Na6 14.
Bxa6 bxa6 15. h5 Nf8 16. h6 g6 17. Bg5 Be7 18. Bxe7 Qxe7 19. d6 Qe6 20. Qd3
Rad8 21. Qd4 f6 22. Re1 c5 23. Qa4 Qd7 24. Rxe8 Rxe8 25. Qc4+ Kh8 26. Qxc5
Ne6 27. Qd5 Rc8 28. Rh4 Bf5 29. Rb4 Rd8 30. g4 Bc2 31. Ne1 a5 32. Rb7 1-0

[Event "14th HZ Open"]
[Site "Vlissingen NED"]
[Date "2010.08.11"]
[Round "6"]
[White "Smits,S"]
[Black "Van den Doel,E"]
[Result "1/2-1/2"]
[WhiteElo "2186"]
[BlackElo "2591"]
[EventDate "2010.08.07"]

1. e4 e5 2. Nf3 Nc6 3. d4 exd4 4. Bc4 Nf6 5. e5 d5 6. Bb5 Ne4 7. Nxd4 Bd7
8. Bxc6 bxc6 9. O-O Bc5 10. Be3 Bb6 11. Nd2 Nxd2 12. Qxd2 O-O 13. Bg5 f6
14. exf6 gxf6 15. Bh6 Rf7 16. Rfe1 Kh8 17. Re3 Bc5 18. Rae1 Bf8 19. Ne6
Bxe6 20. Rxe6 Bxh6 21. Qxh6 c5 22. Rc6 c4 23. Ree6 Rb8 24. Rxf6 Rxb2 25. g3
Rg7 26. Qf4 Kg8 27. Qe5 Rb6 28. Rce6 Rxe6 29. Qxe6+ Kh8 30. Qf5 Kg8 31.
Qe6+ Kh8 32. Qf5 Kg8 33. Qe6+ 1/2-1/2

[Event "14th HZ Open"]
[Site "Vlissingen NED"]
[Date "2010.08.11"]
[Round "6"]
[White "Bosboom,M"]
[Black "Van Veen,O"]
[Result "1-0"]
[WhiteElo "2455"]
[BlackElo "2199"]
[EventDate "2010.08.07"]

1. b3 d5 2. Bb2 Bg4 3. f3 Bf5 4. e4 dxe4 5. Nc3 e3 6. dxe3 Qxd1+ 7. Rxd1 c6
8. e4 Bg6 9. f4 e5 10. f5 Bh5 11. Nf3 Nd7 12. Rxd7 Kxd7 13. g4 Bd6 14. gxh5
Nf6 15. Bc4 Ke7 16. Rg1 Rhg8 17. Ne2 b5 18. Bd3 Nd7 19. f6+ gxf6 20. Ng3
Nc5 21. Ke2 Ke6 22. Rc1 Nxd3 23. cxd3 c5 24. Nh4 Rgd8 25. Nhf5 Bf8 26. Ne3
a5 27. a4 bxa4 28. bxa4 Rab8 29. Bc3 c4 30. Nxc4 Bb4 31. Ba1 Bf8 32. Bc3
Bb4 33. Nf5 Bxc3 34. Rxc3 Rb4 35. Ra3 Rg8 36. Nxa5 Rg2+ 37. Kf3 Rbb2 38.
Ng3 Rbf2+ 39. Ke3 Ra2 40. Rxa2 Rxa2 41. Nf5 Rxh2 42. Nc4 h6 43. a5 Kd7 44.
a6 Kc6 45. Nfd6 Rxh5 46. a7 Rh3+ 47. Ke2 Rh2+ 48. Kf3 Ra2 49. Nc8 h5 50.
N4b6 Rxa7 51. Nxa7+ Kxb6 52. Nc8+ Kc5 53. Ne7 Kd4 54. Ke2 1-0

[Event "14th HZ Open"]
[Site "Vlissingen NED"]
[Date "2010.08.11"]
[Round "6"]
[White "Roeder,M"]
[Black "Colijn,S"]
[Result "1/2-1/2"]
[WhiteElo "2392"]
[BlackElo "2174"]
[EventDate "2010.08.07"]

1. Nf3 Nf6 2. c4 c6 3. d4 d5 4. e3 a6 5. Bd3 Bg4 6. Nbd2 Nbd7 7. h3 Bh5 8.
b3 e6 9. Bb2 Bg6 10. Bxg6 hxg6 11. Qc2 Be7 12. O-O O-O 13. e4 dxe4 14. Nxe4
Nxe4 15. Qxe4 Nf6 16. Qc2 b5 17. Rad1 Qb6 18. Rfe1 Rfd8 19. Bc3 a5 20. a4
bxa4 21. bxa4 Bb4 22. Rb1 Rab8 23. Red1 Qc7 24. Ba1 c5 25. d5 exd5 26. Be5
Qc6 27. Bxb8 Rxb8 28. cxd5 Nxd5 29. Qe4 Rd8 30. Rbc1 Qa8 31. Rd3 Nb6 32.
Rcd1 Re8 33. Qxa8 Nxa8 34. Rd8 Kf8 35. Ng5 Nb6 36. R8d6 Nxa4 37. Rd7 f6 38.
Rf7+ Kg8 39. Re7 Kf8 40. Rf7+ Kg8 41. Re7 Kf8 42. Rf7+ Kg8 43. Re7 1/2-1/2